Maestros ingleses

Uloženo v:
Podrobná bibliografie
Médium: Kniha
Jazyk:španělština
Vydáno: Barcelona Planeta, Plaza y Janés S. A., 1974
Vydání:4a. ed
Témata:
Tagy: Přidat tag
Žádné tagy, Buďte první, kdo vytvoří štítek k tomuto záznamu!

MARC

LEADER 00000cam a2200000 a 4500
001 UCE7288
003 CL-VaPUC
005 20220509145713.0
008 150605e19740000sp |||||||||||||||||spa|d
999 |c 359389  |d 359387 
020 |a 843200300Xo.c 
020 |a 8432003069t.6 
040 |c Pontificia Universidad Católica de Valparaíso 
082 0 4 |a 823  |b MAE  |2 21 
245 1 0 |a Maestros ingleses 
250 |a 4a. ed 
260 |a Barcelona  |b Planeta,   |b Plaza y Janés S. A.,  |c 1974 
300 |a t 
583 |a last modification  |c 20160701 02:15:03  |k Rodrigo Vera 
600 0 7 |a WELLS, HERBERT GEORGE  |2 CL-VaPUC  |9 509609 
600 0 7 |a Joyce, James Augustine  |d 1882-1941  |9 476739 
600 0 7 |a Lawrence, David Herbert  |d 1885-1930  |9 860219 
600 0 7 |a Huxley, Aldous Leonard  |d 1894-1963  |9 858026 
600 0 7 |a GREENE, GRAHAM  |2 CL-VaPUC  |9 309259 
650 0 |a Literatura inglesa  |9 312907 
650 0 |a Novelas inglesas  |9 265220 
852 |a BIBCUR 
942 |c BK  |2 ddc 
945 |d 20150605 14:50:00  |a dcastane 
952 |0 0  |1 0  |3 erd  |4 0  |6 823_000000000000000_MAE_1974_1974  |7 0  |8 A  |9 468560  |a BIBEDU  |b BIBEDU  |e Villagrán Garnham, Jorge  |h t.6  |i 5177057  |o 823 MAE 1974 1974  |p 5177057  |r 2019-11-23  |w 2019-11-23  |y BK  |z Catalogado en:20150605  |k LIT